书目信息 |
| 题名: |
中国蛇绿岩
|
|
| 作者: | 张旗 , 周国庆 著 | |
| 分册: | ||
| 出版信息: | 北京 科学出版社 2001 |
|
| 页数: | 182页 | |
| 开本: | 26cm | |
| 丛书名: | 地球科学系列 | |
| 单 册: | ||
| 中图分类: | P588.12 | |
| 科图分类: | ||
| 主题词: | 岩石学 , 蛇绿岩--研究--中国 | |
| 电子资源: | ||
| ISBN: | 7-03-008505-1 | |
| 000 | 00701nam0 2200253 45 | |
| 001 | 0303251423 | |
| 005 | 20031219104108.0 | |
| 010 | @a7-03-008505-1@dCNY36.00 | |
| 100 | @a20030325d2001 km y0chiy0120 ea | |
| 101 | 0 | @achi |
| 105 | @a z 000yy | |
| 200 | 1 | @a中国蛇绿岩@AZhong Guo She Lu Yan@f张旗,周国庆著@FZhang Qi,Zhou Guo Qing Zhu |
| 210 | @a北京@c科学出版社@d2001 | |
| 215 | @a182页@d26cm | |
| 225 | @a地球科学系列 | |
| 300 | @a国家自然科学基金研究专著 | |
| 410 | @12001 @a地球科学系列 | |
| 606 | 0 | @a岩石学 |
| 606 | 0 | @a蛇绿岩@x研究@y中国 |
| 690 | @aP588.12@v4 | |
| 701 | 0 | @a张旗@4著 |
| 701 | 0 | @a周国庆@4著 |
| 801 | @aCN@bTSTC@c20030325 | |
| 905 | @b321549-550@dP588.12@e71@f2 | |
| 中国蛇绿岩/张旗,周国庆著.-北京:科学出版社,2001 |
| 182页;26cm.-(地球科学系列) |
| 国家自然科学基金研究专著 |
| ISBN 7-03-008505-1:CNY36.00 |
| ● |
| 相关链接 |
|
|
|
|
正题名:中国蛇绿岩
索取号:P588.12/71
 
预约/预借
| 序号 | 登录号 | 条形码 | 馆藏地/架位号 | 状态 | 备注 |
| 1 | 0321549 | 203215494 | 第三借阅区/ [索取号:P588.12/71] | 在馆 | |
| 2 | 0321550 | 203215500 | 第二样本阅览室/ [索取号:P588.12/71] | 在馆 |